Birds in british football team badges - Statistics

General Stats
  • This quiz has been taken 4,585 times
    4,364 since last reset
  • The average score is 7 of 12
Answer Stats
Bird Team % Correct
Liver bird Liverpool FC
95%
Swan Swansea City
84%
Canary Norwich City
81%
Eagle Crystal Palace
77%
Seagull Brighton & Hove Albion
76%
Cockerel Tottenham Hotspur
76%
Owl Sheffield Wednesday
63%
Bluebird Cardiff City
59%
Song thrush West Bromwich Albion
49%
Robin Swindon Town FC/ Bristol City
39%
Magpie Notts County
23%
Phoenix Coventry City
5%
No matching quizzes found
Score Distribution
Percent of People with Each Score
Percentile by Number Answered
Your Score History
You have not taken this quiz since the last reset